[Event "HEM B-Turnier"]
[Site "Frankfurt-Zeilsheim"]
[Date "2018.05.11"]
[Round "4.22"]
[White "Strache, Rolf"]
[Black "Eckert, Michael"]
[Result "1-0"]
[WhiteElo "1558"]
[BlackElo "1649"]
[PlyCount "81"]
[EventDate "2018.??.??"]
[EventType "swiss"]
[EventRounds "7"]
[EventCountry "GER"]
[WhiteTeam "SK Herborn"]
[BlackTeam "C4 Chess Club"]

1. d4 d5 2. c4 e6 3. Nc3 Bb4 4. a3 Bxc3+ 5. bxc3 b6 6. cxd5 exd5 7. Nf3 c5 8.
e3 a6 9. Ne5 Qd6 10. a4 f6 11. Qh5+ g6 12. Nxg6 hxg6 13. Qxh8 Qf8 14. Bd3 Ne7
15. Qxf8+ Kxf8 16. dxc5 bxc5 17. Ba3 Nd7 18. Rb1 Ne5 19. Bc2 Nd7 20. h4 Kg7 21.
h5 f5 22. h6+ Kh7 23. f3 Ng8 24. g4 Ne5 25. gxf5 gxf5 26. Kf2 c4 27. Ke2 Ra7
28. a5 Rf7 29. Rb8 Bb7 30. Ba4 Bc6 31. Bxc6 Nxc6 32. Rb6 Nxa5 33. Rxa6 Nb7 34.
Ra7 Nd8 35. Ra8 Ne6 36. Re8 Rf6 37. Bd6 Nxh6 38. Be5 Ng7 39. Bxf6 Nxe8 40. Bg5
Nd6 41. Rxh6+ 1-0

[Event "HEM B-Turnier"]
[Site "Frankfurt-Zeilsheim"]
[Date "2018.05.12"]
[Round "5.1"]
[White "Varma, Christopher"]
[Black "Alkayas, Shadi"]
[Result "0-1"]
[WhiteElo "1811"]
[BlackElo "1635"]
[PlyCount "100"]
[EventDate "2018.??.??"]
[EventType "swiss"]
[EventRounds "7"]
[EventCountry "GER"]
[WhiteTeam "SC Bad Nauheim"]
[BlackTeam "SK Marburg"]

1. e4 e5 2. Nf3 Nc6 3. Bb5 Bc5 4. c3 Qe7 5. O-O a6 6. Ba4 b5 7. Bc2 d6 8. d4
Bb6 9. d5 Nd8 10. a4 Rb8 11. Na3 Bd7 12. axb5 axb5 13. Qd3 Nf6 14. Bg5 O-O 15.
b4 c5 16. dxc6 Bxc6 17. Rfd1 Bc7 18. Nh4 Ne6 19. Nf5 Qd8 20. Bxf6 Qxf6 21. g3
Ng5 22. Qe2 g6 23. Nh6+ Kg7 24. Ng4 Qf3 25. Qxf3 Nxf3+ 26. Kg2 f5 27. exf5 Ne1+
28. Kf1 Nxc2 29. f6+ Kh8 30. Nxc2 h5 31. Nge3 Rxf6 32. Rd2 Bb6 33. Ra6 Be4 34.
Ke1 d5 35. Rxb6 Rfxb6 36. Nxd5 Rc6 37. Nce3 Rg8 38. Ke2 Rd8 39. f3 Bxd5 40.
Rxd5 Rxd5 41. Nxd5 Kg7 42. h4 Kf7 43. Kd3 Ke6 44. Ne3 Rd6+ 45. Ke4 Rd2 46. Nf1
Rd1 47. Ne3 Rg1 48. g4 hxg4 49. Nxg4 Rh1 50. Nxe5 Re1+ 0-1

[Event "HEM B-Turnier"]
[Site "Frankfurt-Zeilsheim"]
[Date "2018.05.12"]
[Round "5.2"]
[White "Winter, Lars"]
[Black "Zalewski, Ulrich"]
[Result "1-0"]
[WhiteElo "1891"]
[BlackElo "1788"]
[PlyCount "87"]
[EventDate "2018.??.??"]
[EventType "swiss"]
[EventRounds "7"]
[EventCountry "GER"]
[WhiteTeam "SV Fechenheim"]
[BlackTeam "Biebertaler SF"]

1. d4 d5 2. Bf4 e6 3. e3 Bd6 4. Bg3 f5 5. Nf3 Nf6 6. Nbd2 O-O 7. c4 c6 8. Bxd6
Qxd6 9. Ne5 Nbd7 10. f4 Ne4 11. Nxe4 fxe4 12. Nxd7 Qb4+ 13. Qd2 Qxd2+ 14. Kxd2
Bxd7 15. Be2 Be8 16. h4 Kh8 17. c5 Bf7 18. Rhc1 Rae8 19. a4 a6 20. a5 Re7 21.
Ra4 Ra8 22. Rb4 Be8 23. Rc3 g6 24. Rcb3 Ra7 25. g4 h6 26. Rc3 h5 27. Rc1 Rg7
28. Rg1 Kh7 29. gxh5 gxh5 30. Rg5 Rxg5 31. hxg5 Bg6 32. Ke1 h4 33. Bg4 Bf7 34.
Kf2 Kg6 35. Kg2 Bg8 36. Kh3 Bf7 37. Kxh4 Bg8 38. Rb3 Kg7 39. Rc3 Ra8 40. Rc1
Bf7 41. Kg3 Rh8 42. Bh3 Kg6 43. Rh1 e5 44. Bf5+ 1-0

[Event "HEM B-Turnier"]
[Site "Frankfurt-Zeilsheim"]
[Date "2018.05.12"]
[Round "5.4"]
[White "Zerhusen, Martin"]
[Black "Bergmann, Michael"]
[Result "0-1"]
[WhiteElo "1744"]
[BlackElo "1847"]
[PlyCount "88"]
[EventDate "2018.??.??"]
[EventType "swiss"]
[EventRounds "7"]
[EventCountry "GER"]
[WhiteTeam "SV Oberursel"]
[BlackTeam "SF Frankfurt"]

1. d4 Nf6 2. c4 g6 3. Nc3 d5 4. Bf4 Bg7 5. e3 O-O 6. h3 c5 7. Nf3 a6 8. Be2
cxd4 9. Nxd4 dxc4 10. Bxc4 b5 11. Bb3 Bb7 12. O-O Nbd7 13. Bh2 Nc5 14. a3 Nfe4
15. Nxe4 Bxe4 16. Ba2 Qb6 17. Qg4 Bb7 18. b4 Ne4 19. Qd7 e5 20. Nb3 Rad8 21.
Qg4 h5 22. Qe2 Bd5 23. Rac1 Bc4 24. Rxc4 bxc4 25. Qxc4 Nd2 26. Nxd2 Rxd2 27.
Bb3 Qb5 28. Qc3 Rd3 29. Qc2 Qd7 30. Ba4 Rc8 31. Qb1 Qd6 32. Rc1 Rd8 33. Qa1 Rd2
34. Bg3 Qd5 35. Qb1 Qa2 36. Qxa2 Rxa2 37. Rc3 Ra1+ 38. Kh2 g5 39. h4 g4 40. Bb3
Rd7 41. e4 Kh7 42. Ba4 Rd4 43. Bc2 Rd7 44. Ba4 Re7 0-1

[Event "HEM B-Turnier"]
[Site "Frankfurt-Zeilsheim"]
[Date "2018.05.12"]
[Round "5.5"]
[White "Diehl, Stefan"]
[Black "Bjoerknes, Uwe"]
[Result "1-0"]
[WhiteElo "1812"]
[BlackElo "1734"]
[PlyCount "53"]
[EventDate "2018.??.??"]
[EventType "swiss"]
[EventRounds "7"]
[EventCountry "GER"]
[WhiteTeam "SC Höchst"]
[BlackTeam "SK Bad Homburg"]

1. f4 Nf6 2. Nf3 d5 3. e3 c5 4. b3 Nc6 5. Bb2 Bg4 6. Bb5 e6 7. O-O Rc8 8. Qe1
Bxf3 9. Rxf3 a6 10. Bxc6+ Rxc6 11. d3 c4 12. bxc4 dxc4 13. Bd4 Be7 14. Nd2 cxd3
15. cxd3 Bb4 16. Qd1 Qc8 17. Bxf6 gxf6 18. Ne4 f5 19. Ng3 h5 20. Ne2 b5 21. Rc1
Ke7 22. Rxc6 Qxc6 23. Qc1 Qd7 24. Qb2 Qxd3 25. Qxb4+ Ke8 26. Qd4 Qxe2 27. Qxh8+
1-0

[Event "HEM B-Turnier"]
[Site "Frankfurt-Zeilsheim"]
[Date "2018.05.12"]
[Round "5.6"]
[White "Kirchner, Konrad"]
[Black "Meyer, Marcel"]
[Result "1-0"]
[WhiteElo "1698"]
[BlackElo "1759"]
[PlyCount "107"]
[EventDate "2018.??.??"]
[EventType "swiss"]
[EventRounds "7"]
[EventCountry "GER"]
[WhiteTeam "SC Ehrenberg"]
[BlackTeam "SC Herborn"]

1. e4 c6 2. d4 d5 3. Nc3 dxe4 4. Nxe4 Bf5 5. Ng3 Bg6 6. Nf3 e6 7. h4 h6 8. Bd3
Bxd3 9. Qxd3 Nd7 10. Bf4 Qa5+ 11. c3 Ngf6 12. O-O Nd5 13. Bd2 Qc7 14. c4 N5f6
15. Ne4 Be7 16. g3 Nxe4 17. Qxe4 Nf6 18. Qe2 O-O 19. Bc3 Rfe8 20. Ne5 Nd7 21.
f4 Rad8 22. Qh5 Rf8 23. Rad1 Nf6 24. Qf3 Nd7 25. Kg2 Bf6 26. b3 Be7 27. Rfe1 a5
28. a4 Qb6 29. Bb2 Bb4 30. Rh1 Be7 31. g4 Nxe5 32. fxe5 f6 33. exf6 Bxf6 34. c5
Qb4 35. Qe3 e5 36. g5 exd4 37. Qe6+ Kh8 38. gxf6 Rxf6 39. Qc4 Rg6+ 40. Kh3 Qxc4
41. bxc4 d3 42. Rhe1 d2 43. Re3 Kg8 44. Bc3 Rg1 45. Rxg1 d1=Q 46. Rxd1 Rxd1 47.
Rg3 Rh1+ 48. Kg4 g6 49. Bxa5 Ra1 50. Bd2 Rxa4 51. Rc3 Kg7 52. Bf4 Ra1 53. Rd3
Rc1 54. Bxc1 1-0

[Event "HEM B-Turnier"]
[Site "Frankfurt-Zeilsheim"]
[Date "2018.05.12"]
[Round "5.7"]
[White "Hoelss, Manuel"]
[Black "Wilke, Tabea"]
[Result "0-1"]
[WhiteElo "1757"]
[BlackElo "1773"]
[PlyCount "50"]
[EventDate "2018.??.??"]
[EventType "swiss"]
[EventRounds "7"]
[EventCountry "GER"]
[WhiteTeam "SSG Hungen-Lich"]
[BlackTeam "SC Hattersheim"]

1. e4 e5 2. Nf3 Nc6 3. d4 exd4 4. Bc4 Bb4+ 5. c3 dxc3 6. bxc3 Qe7 7. O-O Ne5 8.
Nxe5 Qxe5 9. Qb3 Bd6 10. Bxf7+ Kf8 11. f4 Qxe4 12. Nd2 Qf5 13. Bxg8 Rxg8 14.
Kh1 b5 15. Bb2 Bb7 16. Rae1 Qd5 17. Ne4 Qxb3 18. axb3 Be7 19. Re3 Re8 20. Rfe1
Kf7 21. Rf1 h6 22. h3 Bh4 23. Ng5+ hxg5 24. fxg5+ Kg6 25. Ref3 Bxf3 0-1

[Event "HEM B-Turnier"]
[Site "Frankfurt-Zeilsheim"]
[Date "2018.05.12"]
[Round "5.8"]
[White "Faysal, Wasim"]
[Black "Schneider, Kevin"]
[Result "1/2-1/2"]
[WhiteElo "1703"]
[BlackElo "1699"]
[PlyCount "48"]
[EventDate "2018.??.??"]
[EventType "swiss"]
[EventRounds "7"]
[EventCountry "GER"]
[WhiteTeam "Biebertaler SF"]
[BlackTeam "SC Breuberg"]

1. e4 e5 2. Nf3 Nc6 3. Bc4 Bc5 4. d3 Nf6 5. c3 O-O 6. a3 d5 7. exd5 Nxd5 8. O-O
a6 9. Nbd2 Be6 10. Ne4 Ba7 11. Nfg5 Bf5 12. Qf3 Nde7 13. Nxf7 Rxf7 14. Bxf7+
Kxf7 15. g4 Qd7 16. gxf5 Nxf5 17. Be3 Kg8 18. Rad1 Rf8 19. Bxa7 Nfd4 20. Qe3
Nf3+ 21. Kg2 Qg4+ 22. Ng3 Nxa7 23. h3 Nh4+ 24. Kh2 Nf3+ 1/2-1/2

[Event "HEM B-Turnier"]
[Site "Frankfurt-Zeilsheim"]
[Date "2018.05.12"]
[Round "5.9"]
[White "Ahrends, Norbert"]
[Black "Baitinger, Viktor"]
[Result "1-0"]
[WhiteElo "1999"]
[BlackElo "1646"]
[PlyCount "65"]
[EventDate "2018.??.??"]
[EventType "swiss"]
[EventRounds "7"]
[EventCountry "GER"]
[WhiteTeam "SV Groß-Gerau"]
[BlackTeam "SF Anderssen Wetzlar"]

1. d4 e6 2. c4 Nf6 3. Nc3 d5 4. Nf3 c5 5. e3 cxd4 6. Nxd4 Bb4 7. Bd2 Bd7 8. Be2
dxc4 9. Bxc4 a6 10. O-O O-O 11. a3 Ba5 12. Be2 Bc7 13. Qb3 e5 14. Nf3 Bc6 15.
Rfd1 Nbd7 16. Rac1 Qe7 17. e4 Nc5 18. Qc2 Ncxe4 19. Nxe4 Nxe4 20. Bb4 Bd6 21.
Bxd6 Nxd6 22. Qc5 Bxf3 23. Bxf3 Rac8 24. Qb4 Rxc1 25. Rxc1 Rc8 26. Rxc8+ Nxc8
27. Qxb7 Qc5 28. g3 a5 29. Bc6 Qf8 30. Qc7 Ne7 31. Bf3 g6 32. Qxa5 Qb8 33. Qa8
1-0

[Event "HEM B-Turnier"]
[Site "Frankfurt-Zeilsheim"]
[Date "2018.05.12"]
[Round "5.10"]
[White "Lopez, Victor"]
[Black "Muenstermann, Matthias"]
[Result "0-1"]
[WhiteElo "1689"]
[BlackElo "1891"]
[PlyCount "36"]
[EventDate "2018.??.??"]
[EventType "swiss"]
[EventRounds "7"]
[EventCountry "GER"]
[WhiteTeam "SC Höchst"]
[BlackTeam "SK Langen"]

1. e4 c5 2. c3 d5 3. exd5 Qxd5 4. Nf3 Nf6 5. d4 cxd4 6. cxd4 e6 7. Nc3 Qd8 8.
Ne5 Be7 9. Bb5+ Bd7 10. Nxd7 Nbxd7 11. O-O O-O 12. d5 exd5 13. Nxd5 Nxd5 14.
Qxd5 Nc5 15. Qf3 Qb6 16. Bc4 Qf6 17. Qxf6 Bxf6 18. Bxf7+ Rxf7 0-1

[Event "HEM B-Turnier"]
[Site "Frankfurt-Zeilsheim"]
[Date "2018.05.12"]
[Round "5.11"]
[White "Stiller, Bjoern"]
[Black "Ross, Norbert"]
[Result "1-0"]
[WhiteElo "1673"]
[BlackElo "1804"]
[PlyCount "113"]
[EventDate "2018.??.??"]
[EventType "swiss"]
[EventRounds "7"]
[EventCountry "GER"]
[WhiteTeam "SSG Hungen-Lich"]
[BlackTeam "SV Oberursel"]

1. e4 e6 2. Nf3 d5 3. e5 c5 4. b4 d4 5. bxc5 Bxc5 6. Ba3 Qa5 7. Bxc5 Qxc5 8.
Bd3 Nc6 9. Qe2 Nge7 10. O-O Ng6 11. Bxg6 hxg6 12. Qe4 Rh5 13. Re1 Bd7 14. a4
Ke7 15. Na3 Rah8 16. Nb5 Nxe5 17. Nxe5 Rxh2 18. Kf1 Bxb5+ 19. axb5 Rh1+ 20. Ke2
Qxb5+ 21. Kf3 R1h4 22. Reb1 Qxb1 23. Qxh4+ Rxh4 24. Rxb1 b6 25. Nc6+ Kd7 26.
Nxa7 Kc7 27. Nb5+ Kc6 28. Kg3 Rh5 29. Nxd4+ Kd5 30. Nf3 Kc5 31. d4+ Kc6 32. Re1
Kd5 33. Rb1 b5 34. Ra1 Kc4 35. Ra7 Kc3 36. Rc7+ Kb2 37. c3 Kb3 38. Rc5 f6 39.
Nd2+ Kc2 40. Ne4 Kd3 41. Nd6 b4 42. Rxh5 gxh5 43. cxb4 Kxd4 44. Ne8 g6 45. Nxf6
Kc4 46. Kf4 Kxb4 47. Kg5 Kc4 48. Kxg6 Kd3 49. Kxh5 Ke2 50. Ng4 Kf1 51. g3 Kg2
52. Kg5 Kf3 53. Ne5+ Kxf2 54. g4 Kg3 55. Nd7 Kh3 56. Kh5 Kg3 57. g5 1-0

[Event "HEM B-Turnier"]
[Site "Frankfurt-Zeilsheim"]
[Date "2018.05.12"]
[Round "5.12"]
[White "John, Volkmar"]
[Black "Mongi, Mario"]
[Result "1-0"]
[WhiteElo "1777"]
[BlackElo "1518"]
[PlyCount "47"]
[EventDate "2018.??.??"]
[EventType "swiss"]
[EventRounds "7"]
[EventCountry "GER"]
[WhiteTeam "SK Herborn"]
[BlackTeam "SC Sulzbach"]

1. e4 c5 2. Nf3 Nc6 3. d4 cxd4 4. Nxd4 g6 5. Nc3 Bg7 6. Be3 Nf6 7. f3 O-O 8.
Bc4 Qb6 9. Bb3 Nxe4 10. fxe4 Nxd4 11. Nd5 Qa5+ 12. c3 Nc6 13. Qd2 e6 14. Nf4
Qe5 15. Bc2 Rd8 16. O-O-O d5 17. exd5 Nb4 18. Bd4 Rxd5 19. Nxd5 Qxd5 20. cxb4
e5 21. Be3 Qxa2 22. Qd8+ Bf8 23. Bh6 Qa1+ 24. Kd2 1-0

[Event "HEM B-Turnier"]
[Site "Frankfurt-Zeilsheim"]
[Date "2018.05.12"]
[Round "5.13"]
[White "Weber, Andreas"]
[Black "Mohr, Justus"]
[Result "1/2-1/2"]
[WhiteElo "1718"]
[BlackElo "1641"]
[PlyCount "80"]
[EventDate "2018.??.??"]
[EventType "swiss"]
[EventRounds "7"]
[EventCountry "GER"]
[WhiteTeam "SC Flörsheim"]
[BlackTeam "SC FK Babenhausen"]

1. Nf3 Nc6 2. g3 d5 3. d3 Bf5 4. Nbd2 Nf6 5. Bg2 e5 6. Nh4 Bg6 7. Nxg6 hxg6 8.
e4 Bc5 9. Nb3 Bb6 10. Bg5 dxe4 11. Bxe4 Bxf2+ 12. Kf1 Bb6 13. Qf3 Qd6 14. Bxc6+
Qxc6 15. Qxc6+ bxc6 16. Re1 Ng4 17. Kg2 f6 18. Bd2 O-O-O 19. a4 a6 20. a5 Ba7
21. Re2 Nh6 22. Re4 Nf5 23. Ra1 Nd6 24. Re2 Kd7 25. Bb4 g5 26. Bc5 Ra8 27. Bxa7
Rxa7 28. Nc5+ Ke7 29. d4 Nf7 30. Rae1 Kd6 31. b4 Rd8 32. dxe5+ Nxe5 33. Rd1+
Ke7 34. Rxd8 Kxd8 35. Ne6+ Ke7 36. Nxg7 Rb7 37. c3 c5 38. Re4 cxb4 39. cxb4 Kf7
40. Nf5 Rb5 1/2-1/2

[Event "HEM B-Turnier"]
[Site "Frankfurt-Zeilsheim"]
[Date "2018.05.12"]
[Round "5.14"]
[White "Graef, Jakob"]
[Black "Schmitt, Clemens"]
[Result "0-1"]
[WhiteElo "1468"]
[BlackElo "1712"]
[PlyCount "120"]
[EventDate "2018.??.??"]
[EventType "swiss"]
[EventRounds "7"]
[EventCountry "GER"]
[WhiteTeam "SV Frankfurt Nord"]
[BlackTeam "SV Bergwinkel"]

1. e4 e6 2. Qe2 c5 3. Nf3 Nc6 4. g3 g6 5. Bg2 Bg7 6. O-O Nge7 7. d3 d6 8. c3
O-O 9. Bg5 e5 10. Nbd2 h6 11. Be3 Be6 12. Nb3 b5 13. Qd2 Kh7 14. d4 cxd4 15.
cxd4 Bc4 16. Rfd1 a5 17. d5 Nb8 18. Nh4 g5 19. Nf5 Nxf5 20. exf5 Nd7 21. Nc1 b4
22. f6 Qxf6 23. Qc2+ e4 24. Bxe4+ Kh8 25. Qxc4 Qxb2 26. Bd4 Bxd4 27. Qxd4+ Qxd4
28. Rxd4 f5 29. Bg2 f4 30. gxf4 gxf4 31. Nd3 f3 32. Bh3 Rg8+ 33. Rg4 Nf6 34.
Rxg8+ Rxg8+ 35. Kf1 Ne4 36. Rd1 Nc3 37. Re1 Ne2 38. Rxe2 fxe2+ 39. Kxe2 Rg1 40.
Nf4 Ra1 41. Ng6+ Kg7 42. Ne7 Rxa2+ 43. Kf3 Ra3+ 44. Kg2 Rxh3 45. Kxh3 b3 46.
Nf5+ Kf6 47. Nxd6 b2 48. Ne4+ Ke5 49. Nd2 Kxd5 50. f4 a4 51. f5 Kc6 52. f6 Kd7
53. Kg4 a3 54. f7 Ke7 55. Kh5 a2 56. Kxh6 Kxf7 57. h4 a1=Q 58. h5 Qc1 59. Kh7
Qxd2 60. h6 Qxh6+ 0-1

[Event "HEM B-Turnier"]
[Site "Frankfurt-Zeilsheim"]
[Date "2018.05.12"]
[Round "5.15"]
[White "Krist, Stephan"]
[Black "Vollbrecht, Christoph"]
[Result "1/2-1/2"]
[WhiteElo "1620"]
[BlackElo "1879"]
[PlyCount "87"]
[EventDate "2018.??.??"]
[EventType "swiss"]
[EventRounds "7"]
[EventCountry "GER"]
[WhiteTeam "SVG Lauterbach"]
[BlackTeam "SSG Rödermark/Eppertshausen"]

1. e4 e5 2. Nf3 Nc6 3. Bb5 a6 4. Ba4 Nf6 5. O-O d6 6. Re1 Be7 7. c3 Bg4 8. d4
exd4 9. cxd4 O-O 10. d5 Ne5 11. Nbd2 Nfd7 12. Bxd7 Nxd7 13. Qc2 f5 14. Nd4 fxe4
15. Qxe4 Ne5 16. Nf1 Bd7 17. f4 Ng6 18. Ne6 Bxe6 19. dxe6 d5 20. Qf3 Bc5+ 21.
Kh1 Ne7 22. Qg4 Rf6 23. Re5 Qf8 24. g3 Re8 25. Nd2 c6 26. Nb3 Bd6 27. Re2 Nf5
28. Bd2 Rfxe6 29. Rxe6 Rxe6 30. Bc3 Qf7 31. Qh3 c5 32. g4 Re3 33. Qf1 Ne7 34.
Qf2 Qxf4 35. Qxf4 Bxf4 36. Nxc5 Re2 37. Re1 Rxe1+ 38. Bxe1 d4 39. Bf2 Be5 40.
Kg2 Nc6 41. h3 Nb4 42. a3 d3 43. Kf3 Nc6 44. Nxd3 1/2-1/2

[Event "HEM B-Turnier"]
[Site "Frankfurt-Zeilsheim"]
[Date "2018.05.12"]
[Round "5.16"]
[White "Masoudi, Kian"]
[Black "Haftmann, Rainer"]
[Result "1-0"]
[WhiteElo "1584"]
[BlackElo "1766"]
[PlyCount "131"]
[EventDate "2018.??.??"]
[EventType "swiss"]
[EventRounds "7"]
[EventCountry "GER"]
[WhiteTeam "SC Bergen-Enkheim"]
[BlackTeam "SG Dietzenbach"]

1. e4 e5 2. Nf3 Nc6 3. Bb5 a6 4. Ba4 Nf6 5. O-O b5 6. Bb3 Be7 7. Qe2 d6 8. c3
O-O 9. Rd1 Bg4 10. d4 exd4 11. cxd4 d5 12. e5 Ne4 13. Nc3 Nxc3 14. bxc3 Na5 15.
Bc2 Rb8 16. h3 Bh5 17. a3 Nc4 18. Re1 Rb6 19. g4 Bg6 20. Kh2 Re6 21. Bf5 c5 22.
Bxe6 fxe6 23. Ng1 cxd4 24. cxd4 Bg5 25. Bxg5 Qxg5 26. f3 Qf4+ 27. Kg2 h5 28.
Qf2 hxg4 29. hxg4 Be4 30. Ra2 Qxg4+ 31. Qg3 Qxg3+ 32. Kxg3 Bf5 33. f4 Kf7 34.
Nf3 Rh8 35. Ng5+ Ke7 36. Rea1 Rb8 37. Nf3 Rh8 38. Rh2 Rxh2 39. Nxh2 Kf7 40. Kf3
Nd2+ 41. Ke2 Nc4 42. Nf1 Kg6 43. Ng3 Bg4+ 44. Kd3 Bf5+ 45. Kc3 a5 46. Kb3 Nd2+
47. Ka2 Bd3 48. Rd1 Bc4+ 49. Kb2 Nf3 50. Kc3 a4 51. Rh1 Kf7 52. f5 Ng5 53.
fxe6+ Nxe6 54. Nf5 g6 55. Nd6+ Kg7 56. Ne8+ Kf7 57. Nf6 g5 58. Ng4 Kg7 59. Rh6
Be2 60. Rxe6 Bxg4 61. Rf6 Be2 62. Rf2 Bc4 63. e6 g4 64. e7 g3 65. Rf3 g2 66.
e8=Q 1-0

[Event "HEM B-Turnier"]
[Site "Frankfurt-Zeilsheim"]
[Date "2018.05.12"]
[Round "5.17"]
[White "Gruber, Reiner"]
[Black "Will, Steffen"]
[Result "1-0"]
[WhiteElo "1644"]
[BlackElo "1723"]
[PlyCount "49"]
[EventDate "2018.??.??"]
[EventType "swiss"]
[EventRounds "7"]
[EventCountry "GER"]
[WhiteTeam "SK Dieburg"]
[BlackTeam "SC Bad Nauheim"]

1. Nf3 Nf6 2. c4 d6 3. d4 g6 4. Nc3 Bg7 5. e4 O-O 6. Be2 Nbd7 7. O-O Re8 8. e5
dxe5 9. dxe5 Ng4 10. e6 fxe6 11. Ng5 Ndf6 12. Bxg4 Nxg4 13. Qxg4 Qd3 14. Rd1
Qf5 15. Qe2 Rf8 16. Be3 c6 17. Nf3 e5 18. Rd2 Qh5 19. Ng5 Bg4 20. f3 Bc8 21. g4
Bxg4 22. fxg4 Qh4 23. Ne6 Kf7 24. Bg5 Qh3 25. Rd3 1-0

[Event "HEM B-Turnier"]
[Site "Frankfurt-Zeilsheim"]
[Date "2018.05.12"]
[Round "5.18"]
[White "El Lawindy, Asem"]
[Black "Klowski, Bjoern Sigurd"]
[Result "0-1"]
[WhiteElo "1521"]
[BlackElo "1681"]
[PlyCount "82"]
[EventDate "2018.??.??"]
[EventType "swiss"]
[EventRounds "7"]
[EventCountry "GER"]
[WhiteTeam "VSG Offenbach"]
[BlackTeam "SC Eschbon 1974"]

1. e4 e6 2. d4 d5 3. exd5 exd5 4. Nf3 Bd6 5. Nc3 Ne7 6. Bg5 f6 7. Bh4 O-O 8.
Bd3 Nbc6 9. Qd2 Be6 10. Nb5 Nf5 11. Nxd6 Nxd6 12. O-O-O a5 13. h3 Nb4 14. a3
Nxd3+ 15. Qxd3 Ra6 16. g4 Bf7 17. Ne5 Be8 18. Qf3 Ne4 19. Nd3 Bg6 20. Nf4 Bf7
21. Nd3 b6 22. Ne5 Be8 23. Qd3 Qc8 24. f3 fxe5 25. fxe4 Bg6 26. Qb3 Bxe4 27.
Rhe1 Kh8 28. Bg3 exd4 29. Rxd4 Ra8 30. Qc3 c5 31. Rdxe4 dxe4 32. Rxe4 Qc6 33.
Re7 Qh6+ 34. Kb1 Rf1+ 35. Ka2 Qf6 36. Qe3 Rf8 37. g5 Qg6 38. h4 Qxc2 39. Qe6
Qb1+ 40. Kb3 R1f3+ 41. Kc4 Qa2+ 0-1

[Event "HEM B-Turnier"]
[Site "Frankfurt-Zeilsheim"]
[Date "2018.05.12"]
[Round "5.19"]
[White "Traut, Stefan"]
[Black "Azizov, Fariz"]
[Result "1/2-1/2"]
[WhiteElo "1661"]
[BlackElo "1593"]
[PlyCount "52"]
[EventDate "2018.??.??"]
[EventType "swiss"]
[EventRounds "7"]
[EventCountry "GER"]
[WhiteTeam "SF Heusenstamm"]
[BlackTeam "Kasseler SK"]

1. d4 d5 2. Nf3 Nf6 3. c4 c6 4. e3 e6 5. Nc3 Be7 6. Bd3 Nbd7 7. O-O O-O 8. b3
Re8 9. Bb2 b6 10. Rc1 Bb7 11. cxd5 exd5 12. Qc2 Nf8 13. Rfd1 Ne6 14. h3 Rc8 15.
Qb1 Bd6 16. Kh1 Qe7 17. Be2 Bb4 18. Bd3 Bxc3 19. Rxc3 Rc7 20. Rdc1 Rec8 21. Nd2
Qd7 22. Bf5 g6 23. Bxe6 Qxe6 24. Ba3 Ne4 25. Nxe4 dxe4 26. Qb2 Qd5 1/2-1/2

[Event "HEM B-Turnier"]
[Site "Frankfurt-Zeilsheim"]
[Date "2018.05.12"]
[Round "5.20"]
[White "Wachsmann, Elmar"]
[Black "Strache, Rolf"]
[Result "1-0"]
[WhiteElo "1618"]
[BlackElo "1558"]
[PlyCount "101"]
[EventDate "2018.??.??"]
[EventType "swiss"]
[EventRounds "7"]
[EventCountry "GER"]
[WhiteTeam "SC Groß-Umstadt"]
[BlackTeam "SK Herborn"]

1. d4 d5 2. Nf3 Nf6 3. c4 e6 4. Nc3 Be7 5. Bg5 Nbd7 6. e3 h6 7. Bh4 O-O 8. Rc1
b6 9. Bd3 dxc4 10. Bxc4 Bb7 11. O-O Ne4 12. Bxe7 Qxe7 13. Bd3 Nxc3 14. bxc3 c5
15. a4 Rac8 16. a5 c4 17. Bc2 b5 18. e4 Rfd8 19. Ra1 a6 20. Nd2 Nf8 21. e5 Qg5
22. Ne4 Qe7 23. Qg4 Bxe4 24. Bxe4 Qg5 25. Qxg5 hxg5 26. Bb7 Rc7 27. Bxa6 Rd5
28. Rfb1 f6 29. exf6 gxf6 30. Rxb5 Ra7 31. Rb6 Rdd7 32. Bxc4 Rdc7 33. Bxe6+
Nxe6 34. Rxe6 Rxc3 35. a6 Kf7 36. Rb6 Kg6 37. d5 Rcc7 38. Rc6 Rd7 39. d6 Kf5
40. Rc7 Ke6 41. h3 Kxd6 42. Rxd7+ Kxd7 43. Kh2 Ke6 44. Kg3 f5 45. Ra5 Kf6 46.
Kf3 Kg6 47. Ke3 Kf6 48. Kd4 Ke6 49. Kc5 Rd7 50. a7 Rd5+ 51. Kb4 1-0

[Event "HEM B-Turnier"]
[Site "Frankfurt-Zeilsheim"]
[Date "2018.05.12"]
[Round "5.21"]
[White "Schneider, Lutz"]
[Black "Menz, Florian"]
[Result "1-0"]
[WhiteElo "1722"]
[BlackElo "1457"]
[PlyCount "109"]
[EventDate "2018.??.??"]
[EventType "swiss"]
[EventRounds "7"]
[EventCountry "GER"]
[WhiteTeam "Sfr. Wiesbaden"]
[BlackTeam "SC Ehrenberg"]

1. e4 e5 2. f4 exf4 3. Nf3 d6 4. Bc4 Be6 5. Qe2 Be7 6. O-O Nf6 7. Nc3 O-O 8. d4
c6 9. Bxf4 d5 10. Bd3 Na6 11. e5 Ne8 12. Nd1 Nb4 13. c3 Nxd3 14. Qxd3 f6 15.
Qe2 fxe5 16. Nxe5 Bf5 17. Be3 Nd6 18. Nf2 Ne4 19. Nxe4 Bxe4 20. Rxf8+ Bxf8 21.
Qg4 Qd6 22. Rf1 Bg6 23. h4 Re8 24. Bf4 Qe6 25. Qg3 Be7 26. Re1 Bf6 27. Nf3 Qf7
28. Be5 Bh5 29. Qf4 Qg6 30. Bxf6 Rxe1+ 31. Nxe1 Qxf6 32. Qb8+ Kf7 33. Qxb7+ Kg6
34. Qd7 Qxh4 35. Qe8+ Kh6 36. Qe3+ Qg5 37. Qxg5+ Kxg5 38. Nd3 Be8 39. Kf2 Kf5
40. Kf3 h5 41. b3 g5 42. c4 dxc4 43. bxc4 Bf7 44. Ne5 Be6 45. a4 h4 46. Nxc6
Bxc4 47. Nxa7 Bd5+ 48. Kf2 Kf4 49. a5 Bxg2 50. Kxg2 g4 51. d5 h3+ 52. Kg1 Kf3
53. Nb5 Kg3 54. Nd4 h2+ 55. Kh1 1-0

[Event "HEM B-Turnier"]
[Site "Frankfurt-Zeilsheim"]
[Date "2018.05.12"]
[Round "5.22"]
[White "Policarpo, Raphael"]
[Black "Eckert, Michael"]
[Result "0-1"]
[WhiteElo "1640"]
[BlackElo "1649"]
[Annotator "Rondio,Thomas"]
[PlyCount "78"]
[EventDate "2018.??.??"]
[EventType "swiss"]
[EventRounds "7"]
[EventCountry "GER"]
[WhiteTeam "SC Heusenstamm"]
[BlackTeam "C4 Chess Club"]

1. e4 e5 2. Nf3 Nc6 3. c3 Nf6 4. d4 exd4 5. e5 Qe7 6. cxd4 h6 7. Be2 Nd5 8. O-O
d6 9. Qb3 Nb6 10. exd6 Qxd6 11. Re1 Be7 12. Be3 Be6 13. Qd3 Nb4 14. Qd1 Nxa2
15. Nc3 Nb4 16. Nb5 Qd8 17. Ne5 a6 18. Nc3 O-O 19. Bd3 Nxd3 20. Qxd3 Bf6 21.
Bf4 Nd5 22. Bd2 Bxe5 23. Rxe5 Nf6 24. Qg3 Kh8 25. Qh4 Kh7 26. Ne4 Ng4 27. Qxd8
Raxd8 28. Rh5 Rxd4 29. f3 g6 30. Ng5+ Kg7 31. Nxe6+ fxe6 32. Bc3 gxh5 33. Bxd4+
e5 34. Bc5 Rf5 35. fxg4 hxg4 36. Rf1 Kg6 37. Rxf5 Kxf5 38. Kf2 Ke4 39. Ke2 a5
$138 0-1

[Event "HEM B-Turnier"]
[Site "Frankfurt-Zeilsheim"]
[Date "2018.05.12"]
[Round "6.1"]
[White "Alkayas, Shadi"]
[Black "Diehl, Stefan"]
[Result "0-1"]
[WhiteElo "1635"]
[BlackElo "1812"]
[PlyCount "78"]
[EventDate "2018.??.??"]
[EventType "swiss"]
[EventRounds "7"]
[EventCountry "GER"]
[WhiteTeam "SK Marburg"]
[BlackTeam "SC Höchst"]

1. e4 d5 2. exd5 Qxd5 3. Nc3 Qa5 4. Bc4 Nf6 5. d4 Bf5 6. Qf3 Be4 7. Qg3 Bxc2 8.
Bd2 Qb6 9. Rc1 Bg6 10. Nb5 Na6 11. Bf4 Nh5 12. Qe3 Nxf4 13. Qxf4 e6 14. a3 Bd6
15. Nxd6+ cxd6 16. Qd2 O-O 17. Ne2 d5 18. Ba2 Rac8 19. O-O Nb8 20. Rxc8 Rxc8
21. Rc1 Rxc1+ 22. Qxc1 Qc6 23. Nc3 Nd7 24. Qd2 Nf6 25. f3 Nd7 26. Bb3 Nb6 27.
Qe2 Kf8 28. Qe5 Nd7 29. Qf4 a6 30. Bd1 Nb6 31. Bb3 Bd3 32. Qd2 Bg6 33. Kf2 Nd7
34. Bc2 Bxc2 35. Qxc2 g6 36. Qb3 b5 37. a4 Qc4 38. Qa3+ b4 39. Qa2 Qxd4+ 0-1